| 000 | 00455nam a22001577a 4500 | ||
|---|---|---|---|
| 003 | OSt | ||
| 082 |
_a631.75807 _bFAT/MI |
||
| 088 | _aP 613 | ||
| 100 |
_aFathima Jasleena K P _96198 |
||
| 245 | _aMicroclimatic characteristics of different types of protected structures / | ||
| 260 |
_aTavanur : _bDepartment of Soil & Water Conservation Engineering, _c2024. |
||
| 300 | _ap. | ||
| 700 |
_aVivek U S _96199 |
||
| 700 | _aSathian, K K (Guide) | ||
| 942 | _cPR | ||
| 999 |
_c18087 _d18087 |
||